Centroamérica y la iniciativa de las Américas
में बचाया:
| स्वरूप: | मूलपाठ |
|---|---|
| टैग: |
टैग जोड़ें
कोई टैग नहीं, इस रिकॉर्ड को टैग करने वाले पहले व्यक्ति बनें!
|
MARC
| LEADER | 00000 a a2200000 04500 | ||
|---|---|---|---|
| 001 | 12731 | ||
| 003 | |||
| 040 | |||
| 245 | |a Centroamérica y la iniciativa de las Américas | ||
| 773 | |g número 13; páginas 9-16 | ||
| 999 | |c 34467 |d 34467 | ||
